000 00682nam a2200217 4500
001 173017
003 ES-MaACL
005 20230906215115.0
008 091005s1991 po |||| | por d
080 _a94(469)
100 1 _aSaraiva, José Hermano.
_9141450
245 1 0 _aHistória concisa de Portugal /
_cJosé Hermano Saraiva.
250 _a14.ª ed.
260 _a[Sintra] :
_bPublicaçôes Europa-América,
_c1991.
300 _a367 p. ;
_c18 cm.
490 1 _aSaber ;
_v123
651 7 _aPortugal-
_xHistoria.
_96241
830 0 _aSaber ;
_v123
_9231754
852 4 _aES-MaACL
_jE-13004
_9R.139369 . -
_zBiblioteca Jacinto Martínez Lacalle
999 _c173017
_d173017